000 00424nam a2200169Ia 4500
001 11754
003 IN-NITTTR
005 20251114233110.0
008 251113s9999||||xx |||||||||||||| ||eng||
040 _beng
040 _cIN-NITTTR
041 _aeng
082 _a621.38153 T313P
100 _aTexas Instruments,
245 0 _aPower semiconductor data book for design engineers. /
_cTexas Instruments
942 _2ddc
_cBK
999 _c14390
_d14390